000 01002nam a22001937a 4500
999 _c58900
_d58900
003 Ge_BSU
005 20221017143541.0
008 221017s1964 ge ||||| |||| 00| 0 geo d
041 _ageo
080 _a159.9 უ-28
100 _aუზნაძე, დიმიტრი
_9746
245 _aშრომები. ტ. 3-4, ზოგადი ფსიქოლოგია /
_cდ. უზნაძე ; საქ. სსრ მეცნ. აკად., დ. უზნაძის სახ. ფსიქოლოგიის ინ-ტი.
264 _aთბილისი :
_b საქ. სსრ მეცნ. აკად. გამ-ბა,
_c1964.
300 _a636 გვ.;
_b22 სმ.
504 _aბიბლიოგრ.: გვ. 621-626.
653 _aზოგადი ფსიქოლოგია
710 _aსაქ. სსრ მეცნ. აკად., დ. უზნაძის სახ. ფსიქოლოგიის ინ-ტი.
_915341
942 _2udc
_cBK